000 00569nam a2200229Ia 4500
003 OSt
005 20221005113711.0
006 a|||||r|||| 00| 0
007 ta
008 221004b |||||||| |||| 00| 0 hin d
024 _a50366
037 _cTextual
040 _aCRL
_cCRL
_bhin
041 _2hin
_ahin
082 _aQ323:25, 152K0
100 _aRampuriya Srichand
_9624778
245 0 _aAcharanga ke sukta
260 _c1960
650 _aRELIGION
942 _hQ323:25, 152K0
_cTEXL
_2cc
999 _c1028965
_d1028965